Govt. of
Madhya Pradesh

Stories Of Storeys (Record no. 65448)

MARC details
000 -LEADER
fixed length control field 00253nam a22001097a 4500
082 ## - DEWEY DECIMAL CLASSIFICATION NUMBER
Classification number 700/BHA
100 ## - MAIN ENTRY--AUTHOR NAME
Personal name Bhatia, Gautam
245 ## - TITLE STATEMENT
Title Stories Of Storeys
260 ## - PUBLICATION, DISTRIBUTION, ETC. (IMPRINT)
Place of publication New Delhi
Name of publisher Sage
Year of publication 2018
650 ## - SUBJECT ADDED ENTRY--TOPICAL TERM
Topical Term Art And Architecture
942 ## - ADDED ENTRY ELEMENTS (KOHA)
Koha item type Books
Holdings
Withdrawn status Lost status Damaged status Not for loan Home library Current library Date acquired Cost, normal purchase price Full call number Accession Number Price effective from Koha item type
        MACL MACL 15/10/2022 895.00 700/BHA CRE040063 15/10/2022 Books